00780nam a2200217 a 4500008004100000020001500041050001600056100002000072245003900092260004400131300002300175350000900198650002200207650003400229650002600263650002400289650002100313995008700334999001700421952012400438120416s1974 ||||||||||||||||| || u a019501801X aHG 3881 Mei aMeier, Gerald M10aProblems of a world monetary order aNew YorkbOxford University Pressc1974 axiii, 305p. : ill. a0.00 aCURRENCY QUESTION 0aFINANCE--DEVELOPING COUNTRIES aINTERNATIONAL FINANCE aBALANCE OF PAYMENTS aDOLLAR, AMERICAN D0.00FCBU-MAIN LIBRARY (Kitwe)H1I5.95M1UAVAILABLEZAnnex Low-Usage Collection  c54799d54799 00102lcc4070a001b001cAnnex Low-Usage Collection d2022-11-30l0oHG 3881 Meip008009r2022-11-30w2022-11-30y002